Anh em nhà Karamazôv T.2 /
Doxtoevxki là nhà văn hiện thực vĩ đại không chỉ ở Nga mà trên toàn thế giới. Anh em nhà Caramazov là tác phẩm cuối cùng, một tiểu thuyết "hiện thực theo nghĩa cao cả nhất" của ông.
Đã lưu trong:
| 主要作者: | |
|---|---|
| 其他作者: | |
| 格式: | 圖書 |
| 語言: | Vietnamese Russian |
| 出版: |
Hà Nội :
Văn học,
2000.
|
| 主題: | |
| 標簽: |
添加標簽
沒有標簽, 成為第一個標記此記錄!
|
| Thư viện lưu trữ: | Mạng thư viện Đại học Đà Nẵng |
|---|
| LEADER | 01355cam a2200409 i 4500 | ||
|---|---|---|---|
| 001 | 000046885 | ||
| 003 | 6394 | ||
| 005 | 20030912142049.0 | ||
| 008 | 010306b2000 vm 000 vie | ||
| 020 | |c 85000 | ||
| 022 | |a T | ||
| 040 | |a IRC |c IRC |d IRC | ||
| 041 | 1 | |a vie |h rus | |
| 082 | 1 | 4 | |a 891.73 |b DO-F |
| 100 | 1 | |a Dostoevsky, Fyodor Mikhailovich, |d (1821-1881) | |
| 245 | 0 | 0 | |a Anh em nhà Karamazôv |n T.2 / |c Fyodor Dostoyevsky ; Phạm Mạnh Hùng dịch. |
| 260 | |a Hà Nội : |b Văn học, |c 2000. | ||
| 300 | |a 769tr. ; |c 19cm. | ||
| 520 | 3 | |a Doxtoevxki là nhà văn hiện thực vĩ đại không chỉ ở Nga mà trên toàn thế giới. Anh em nhà Caramazov là tác phẩm cuối cùng, một tiểu thuyết "hiện thực theo nghĩa cao cả nhất" của ông. | |
| 600 | 1 | 5 | |a Dostoevsky, Fyodor Mikhailovich, |d 1821-1881. |
| 630 | 0 | 4 | |a Tiểu thuyết. |
| 630 | 0 | 4 | |a Văn học Nga. |
| 630 | 0 | 4 | |a Doxtoevxki. |
| 630 | 0 | 4 | |a Anh em nhà Caramazov. |
| 650 | 0 | 4 | |a Văn học Nga. |
| 650 | 0 | 4 | |a Dostoevsky, Fyodor Mikhailovich, |d 1821-1881. |
| 700 | 1 | |a Phạm Mạnh Hùng, |e dịch. | |
| OWN | |a DUT | ||
| 999 | |a From the UDN01 | ||
| TYP | |a Monograph | ||
| TYP | |a Printed language | ||
| 980 | |a Mạng thư viện Đại học Đà Nẵng | ||